[Event "GER-chT North U16"]
[Site "Syke"]
[Date "2004.09.16"]
[Round "2.3"]
[White "Held, Florian"]
[Black "Wolff, Markus"]
[Result "1-0"]
[WhiteElo "1761"]
[BlackElo "1511"]
[PlyCount "41"]
[EventDate "2004.09.16"]
[EventType "team-swiss"]
[EventRounds "7"]
[EventCountry "GER"]
[SourceTitle "EXT 2006"]
[Source "ChessBase"]
[SourceDate "2005.11.24"]
[SourceVersion "1"]
[SourceVersionDate "2005.11.24"]
[SourceQuality "1"]

1. e4 e5 2. Nf3 Nc6 3. Bb5 a6 4. Ba4 b5 5. Bb3 Bc5 6. c3 d6 7. h3 Nf6 8. d3 h6 9. 0-0 0-0 10. Re1 Re8 11. Nbd2 Bb7 12. Nf1 Ne7 13. Ng3 Qd7 14. Nh2 Ng6 15. Ng4 Nxg4 16. hxg4 Bc8 17. Nf5 Nf4 18. Qf3 Qd8 19. Bxf4 exf4 20. Qxf4 Qg5 21. Nxh6+ 1-0